banner koha

Endometrial transcription of microbial molecular patterns receptors in Gyr and F1 Holstein x Gyr postpartum cows (Registro n. 300392)

MARC details
000 -LÍDER
fixed length control field 04795nab a2200385 i 4500
003 - CÓDIGO MARC DA AGÊNCIA CATALOGADORA
Campo de controle BR-BrBNA
005 - DATA E HORA DA ÚLTIMA ATUALIZAÇÃO
Campo de controle 20240704105224.0
008 - CAMPO DE TAMANHO FIXO
fixed length control field 240704b2017 bl.|r|pooa||| 00| 0 eng |
040 ## - FONTE DA CATALOGAÇÃO
Agência catalogadora BR-BrBNA
Idioma da catalogação eng
072 ## - CATEGORIA AGRIS
Código AGRIS L70
Código do objeto 5213
072 ## - CATEGORIA AGRIS
Código do objeto 5214
100 ## - ENTRADA PRINCIPAL - NOME PESSOAL
Nome pessoal Martins, T.M.
100 ## - ENTRADA PRINCIPAL - NOME PESSOAL
Nome pessoal Muniz, C.S.
100 ## - ENTRADA PRINCIPAL - NOME PESSOAL
Nome pessoal Paixão, T.A.
100 ## - ENTRADA PRINCIPAL - NOME PESSOAL
Nome pessoal Ruas, J.R.M.
100 ## - ENTRADA PRINCIPAL - NOME PESSOAL
Nome pessoal Santos, R.L.
100 ## - ENTRADA PRINCIPAL - NOME PESSOAL
Nome pessoal Borges, Á.M.
245 ## - TÍTULO PRINCIPAL
Título principal Endometrial transcription of microbial molecular patterns receptors in Gyr and F1 Holstein x Gyr postpartum cows
500 ## - NOTA GERAL
Nota geral Publicação online; 27 ref.; 3 tables; Summaries (En, Pt)
942 ## - ADDED ENTRY ELEMENTS (KOHA)
Koha item type
520 ## - NOTA DE RESUMO
Nota de conteúdo <br/>ABSTRACT - Zebu and Holstein x Zebu crossbred have low incidence of uterine infection when compared to Holstein cows. Resistance to uterine infections may be associated with the ability to recognize invading microorganisms. Endometrial transcription of microbial molecular patterns receptors has been investigated in the postpartum period of Holstein cows, but it is completely unknown in Zebu or Holstein x Zebu cows. In this study, 9 Gyr and 12 F1 Holstein x Gyr cows were submitted to endometrial biopsies at the first and seventh days postpartum, with the objective to measure transcription levels of toll-like receptors (TLRs) 1/6, 2, 4, 5, and 9; nucleotide-binding oligomerization domain (NOD)-like receptors 1 and 2; and coreceptors cluster of differentiation 14 (CD14) and myeloid differentiation protein-2 (MD-2). There was a significant (P<0.05) decrease in transcription of TLR5 in Gyr, and an increase in transcription of TLR9 in F1 cows, between the first and seventh day postpartum. Both groups had low incidences of uterine infections up to 42 days postpartum. Uterine involution completed at 27.7 ± 10.1 and 25.1 ± 4.7 days postpartum for Gyr and F1 cows, respectively. In Gyr cows, higher transcription levels of TLR1/6 and NOD1 correlated to a longer period required for uterine involution. In F1 cows, lower levels of TLR1/6, TLR2 and NOD2 correlated to a longer period required for uterine involution. In conclusion, some pathogen recognition receptors associated significantly with the time required for uterine involution in Gyr and F1 cows.<br/><br/><br/>Keywords: Zebu cows, endometrial biopsy, innate immunity, toll-like receptors
520 ## - NOTA DE RESUMO
Nota de conteúdo <br/>RESUMO - Vacas Zebu e mestiças Holandês x Zebu apresentam baixas incidências de infecções uterinas quando comparadas às Holandesas. A resistência às infecções uterinas pode estar relacionada com a capacidade de reconhecimento dos microrganismos invasores. A transcrição endometrial de receptores de padrões moleculares microbianos tem sido investigada em vacas Holandesas recém-paridas, porém ainda é desconhecida em vacas Zebu e mestiças Holandês x Zebu. No presente estudo, nove vacas Gir e 12 F1 Holandês x Gir foram submetidas a biópsias endometriais no primeiro e no sétimo dia após o parto, com o objetivo de mensurar os níveis de transcrição gênica dos receptores tipo Toll (TLRs) 1/6, 2, 4, 5 e 9; receptores tipo NOD 1 e 2; e dos coreceptores CD14 e MD-2. Houve diminuição significativa (P < 0,05) do nível de transcrição de TLR5 em vacas Gir e aumento da transcrição de TLR9 em vacas F1, entre o primeiro e o sétimo dia após o parto. Os dois grupos apresentaram baixas incidências de infecções uterinas até 42 dias pós-parto. O período de involução uterina foi de 27,7 ± 10,1 e 25,1 ± 4,7 dias pós-parto, para vacas Gir e F1, respectivamente. No grupo de vacas Gir, altos níveis de transcrição de TLR1/6 e NOD1 tiveram correlação significativa com o prolongamento do período de involução uterina. No grupo de vacas F1, baixos níveis de transcrição de TLR1/6, TLR2 e NOD2 foram associados a maiores períodos de involução uterina. Portanto, os níveis de transcrição endometrial de alguns receptores de padrões moleculares microbianos na primeira semana após o parto podem estar relacionados com o tempo requerido para ocorrência da involução uterina em vacas Gir e F1.<br/><br/><br/>Palavras-chave: vacas Zebu, biópsia endometrial, imunidade inata, receptores tipo Toll
650 ## - ASSUNTO - THESAGRO
Cabeçalho tópico ou nome geográfico VACA
650 ## - ASSUNTO - THESAGRO
Cabeçalho tópico ou nome geográfico GADO MESTIÇO
650 ## - ASSUNTO - THESAGRO
Cabeçalho tópico ou nome geográfico PÓS-PARTO
650 ## - ASSUNTO - THESAGRO
Cabeçalho tópico ou nome geográfico ÚTERO
650 ## - ASSUNTO - THESAGRO
Cabeçalho tópico ou nome geográfico INFECÇÃO
650 ## - ASSUNTO - THESAGRO
Cabeçalho tópico ou nome geográfico ENDOMÉTRIO
650 ## - ASSUNTO - THESAGRO
Cabeçalho tópico ou nome geográfico BIÓPSIA
650 ## - ASSUNTO - THESAGRO
Cabeçalho tópico ou nome geográfico IMUNIDADE
650 ## - ASSUNTO - THESAGRO
Cabeçalho tópico ou nome geográfico VETERINÁRIA
773 0# - ENTRADA ANALÍTICA
Host Biblionumber 1643
Registro do item 316242
Imprenta Belo Horizonte-MG Universidade Federal de Minas Gerais - Escola de Veterinaria 1983
Outro identificador 2024-2643
Título Arquivo Brasileiro de Medicina Veterinária e Zootecnia (Brazil)
ISSN 0102-0935
Colação v. 69(4) p. 835-842; (2017)
Número de controle de registro BR2024001644
856 ## - ACESSO E ENDEREÇO ELETRÔNICO
Identificador uniforme de recurso - URI https://www.scielo.br/j/abmvz/a/pgBLfq4Rb3QJhTYFdGYgSxH/?format=pdf&lang=en

Nenhum exemplar disponível.

BINAGRI

Telefone: (61)3218-2567/2388/3357/2097 - binagri@agro.gov.br

Ministério da Agricultura e Pecuária , Esplanada dos Ministérios, Bloco D, Anexo B, Brasília/DF, CEP: 70.043-900